Countries That No Longer Exist - Statistics

General Stats
  • This quiz has been taken 48 times
    28 since last reset
  • The average score is 42 of 67
Answer Stats
Picture Answer % Correct
Czechoslovakia
100%
England
100%
First Mexican Empire
100%
German Empire
100%
Japanese Empire
100%
Kingdom of Hungary
100%
Nazi Germany
100%
Ottoman Empire
100%
Scotland
100%
Texas
100%
The Soviet Union
100%
Yugoslavia
100%
Austrian Empire
95%
East Germany
95%
German Confederation
95%
Prussia
95%
the Russian Empire
95%
First French Empire
84%
The Holy Roman Empire
84%
The Roman Empire
84%
Tibet
84%
Empire of Brazil
79%
Independent State of Croatia
79%
Mongol Empire
79%
The Italian Empire
79%
Byzantine Empire
74%
Persia
74%
Zaire
74%
Austro-Hungarian Empire
68%
Confederate States of America
68%
Democratic Kampuchea
68%
Ethiopian Empire
68%
Gran Colombia
68%
Rhodesia
68%
South African Union
68%
Spanish Empire
68%
United Arab Republic
68%
South Vietnam
63%
United Kingdoms of Sweden and Norway
63%
Vichy France
63%
Kingdom of Hawaii
58%
Papal States
58%
United Provinces of Central America
58%
Italian Social Republic
47%
Republic of Venice
47%
South Yemen
47%
Kalmar Union
42%
Polish-Lithuanian Commonwealth
42%
Vermont Republic
42%
Confederation of the Rhine
37%
Kingdom of Bavaria
37%
Kingdom of Naples
37%
North Yemen
37%
Serbia and Montenegro
37%
Chechnya
32%
Manchukuo
32%
Tanganyika
32%
Kingdom of Two Sicilies
26%
Republika of Srpska
26%
The Achaemenid Empire
26%
Free city of Danzig
21%
Peru-Bolivian Confederation
16%
Serbian Krajina
16%
Joseon
11%
Republic of the Rif
11%
State of Slovenes, Croats and Serbs
11%
Mengjiang
5%
No matching quizzes found
Score Distribution
Percent of People with Each Score
Percentile by Number Answered
Your Score History
You have not taken this quiz since the last reset